000 00417nam a22001697a 4500
003 OSt
005 20221205155144.0
008 221205b |||||||| |||| 00| 0 eng d
020 _a9781632400833
040 _cHU
082 _a610.28/WAL/2015
100 _aWalters Mark
_937330
245 _aBiomedical Engineering Applied Techniques In Medicine
260 _bNew Jersey
300 _f425
942 _2ddc
_cBOOKS
_n0
999 _c35759
_d35759